000 00695cam a22002531 4500
001 sa 65003771
003 DLC
005 20260227112125.0
008 891205s1964 ii ab 000 0 telo
010 _asa 65003771
035 _a(OCoLC)20736270
040 _aDLC
_cWaU
_dDLC
042 _apremarc
043 _aa-ii---
050 0 0 _aDS452
_b.V38
100 2 _aVenkata Lakshmana Rao, Komarraju,
_d1876-1923.
245 1 0 _aMahammadīya mahāyugamu.
_cEdited & rev. by Nelaturi Venkataramanaiah.
260 _c[1964]
300 _a2 v. in l
_billus., maps.
_c19 cm.
500 _aIn Telugu.
651 0 _aIndia
_xHistory.
650 0 _aMuslims
_zIndia.
700 2 _aVenkata Ramanayya, N.
999 _c63349
_d63349